000 01014nam a22002897a 4500
001 BR8700911
003 BR-BrBNA
005 20230928092403.0
007 ta
008 230509b bl.||||| |||| 00| 0 por d
040 _aBR-BrBNA
_bpor
_cBiblioteca Nacional de Agricultura
041 _a(Por)
072 _aF01; L01
_b0430
_b0120
_b1410
_b/G514
090 _ 0430 BR8700911
100 1 _aMoreira, J. de A.N.
110 1 _aCentro Nacional de Pesquisa do Algodao, Campina Grande, PB (Brasil)
_91702
245 1 _aReflexoes e alternativas de modernizacao do sistema algodao moco/milho + feijao/pecuaria da regiao semi-arida no Nordeste brasileiro
260 3 _aCampina Grande, PB (Brasil):
_c1983.
300 _a37 p.
500 _a(*) Documento disponível no(a) UFPB, Campina Grande, PB (Brazil). Centro de Informacao do Semi-Arido
650 _aPRODUCAO VEGETAL
650 _aCOMPETICAO DE VARIEDADE
650 _aALGODAO
650 _aPARAIBA
909 _a202309
_bLucia
_c55
_dLucia Elande
942 _cBK
999 _c38738
_d38738